00393nam a22001457a 450000500170000002000180001710000200003524500510005526000380010630000120014465000220015665000250017870000210020370000230022420260112120104.0 a9789813203648 aLebedev, Leonid aTensor analysis with applications in mechanics aSingaporebWorld scientificc2016 axiv+363 aLinear elasticity aDiferential geometry aCloud, Michael J aEremeyev, Victor A